000 nam a22 a 4500
999 _c671
_d671
003 AKMAL
005 20170504150007.0
008 170504s1999 my 00 may d
020 _a9837203617 (jil. 4 : kkt.):
_cRM27.50
040 _aAKMAL
_cAKMAL
049 0 0 _aklpmal
082 0 4 _a158.1 SHE
_221
090 0 0 _a158.1
_bSHE
090 2 0 _a158.1
_bSHE
100 0 _aSherina
_91080
245 1 0 _aPedoman penting ke arah mencapai kejayaan :
_bfalsafah yang dipelopori Napoleon Hill /
_cSherina
260 _aKuala Lumpur :
_bGolden Books Centre,
_c1999
300 0 0 _axi, 309ms. ;
_c21cm
440 0 _aSiri rukun kejayaan
_91447
500 _aMengandungi soalan
650 0 _aSuccess
_xPsychological aspects
_91186
942 _2ddc
_cBOOK